000 00990nam a22003257a 4500
003 BPGM
005 20260703223046.0
008 260703e2013 mx a|||ar|||| 00| 0 spa d
020 _a978-607-404-951-0
040 _bspa
041 _aspa
_heng
082 0 4 _21a.
_aI / 793.73 /
_bS86
110 _aDC COMICS
245 _aSUPERMAN
250 _a1a.
_b2015
260 _aMéxico
_bSilver Dolphin Infantil
_c2015
300 _a12 Paginas
_c25.5 cm. x 25.9 cm.
336 _2rdacontent
_atexto
_btxt
337 _2rdamedia
_asin mediación
_bn
338 _2rdacarrier
_avolumen
_bnc
490 0 _aMI PRIMER LIBRO DE ROMECABEZAS
505 _aJUEGOS DE INGENIO
505 _aLITERATURA INFANTIL
505 _aROMPECABEZAS INFANTIL
650 _2LAS ARTES. BELLAS ARTES Y ARTES DECORATIVAS
650 _2ARTES RECREATIVAS Y DE LA ACTUALIZACIÓN
650 _2JUEGOS Y DIVERCIONES BAJO TECHO
700 _aPUENTE, ELIZABETH
_eTRADUCCION
942 _2ddc
_cBKN
999 _c68756
_d68756